<La> diplomatie en 120 formules comment exprimer courtoisement ses sentiments quand il nous prend des envies de meurtre
Gespeichert in:
| 1. Verfasser: | |
|---|---|
| Format: | Buch |
| Sprache: | Französisch |
| Veröffentlicht: |
Geneve
Slatkine
2006
|
| Schlagworte: | |
| Tags: |
Keine Tags, Fügen Sie das erste Tag hinzu!
|
MARC
| LEADER | 00000nam$a2200000$$$4500 | ||
|---|---|---|---|
| 001 | 0048621 | ||
| 005 | 20240318114918.5 | ||
| 020 | |a 2-8321-0233-6 | ||
| 041 | 0 | |a fre | |
| 044 | |a CH | ||
| 245 | 1 | 0 | |a <La> diplomatie en 120 formules |b comment exprimer courtoisement ses sentiments quand il nous prend des envies de meurtre |c André Klopmann |
| 264 | 1 | |a Geneve |b Slatkine |c 2006 | |
| 300 | |a 149 s. | ||
| 610 | 2 | 0 | |a diplomacia |
| 610 | 2 | 0 | |a diplomati |
| 610 | 2 | 0 | |a správanie |
| 610 | 2 | 0 | |a komunikácia |
| 100 | 1 | |a Klopmann, André | |